Australia's Top Boy Names by State, 2025 - Statistics

General Stats
  • This quiz has been taken 21 times
  • The average score is 35 of 70
Answer Stats
ACT % Correct
10 Jack | Oscar
79%
10 Jack
74%
8 Jack
74%
4 Jack
74%
1 Oliver
68%
2 Oliver
68%
3 Oliver
68%
1 Oliver
68%
3 Oliver
68%
2 Oliver
68%
2 Oliver
68%
10 William
68%
10 William
68%
9 George
63%
3 Noah
63%
1 Noah
63%
1 Noah
63%
2 Noah
63%
1 Noah
63%
1 Noah
63%
1 Noah
63%
10 Charlie
58%
8 Charlie
58%
2 Charlie
58%
6 Charlie
58%
8 Charlie
58%
2 Henry
58%
6 Henry
58%
8 Henry
58%
3 Henry
58%
6 Henry
58%
3 Henry
58%
6 Henry
58%
6 Oscar
58%
7 Eli
53%
7 Liam
53%
5 Elijah
47%
7 Elijah
47%
2 Elijah
47%
9 Elijah
47%
5 Leo
47%
4 Leo
47%
7 Leo
47%
4 Leo
47%
4 Luca
47%
7 Luca
47%
7 Luca
47%
5 Luca
47%
9 Theodore
42%
3 Theodore
42%
5 Theodore
42%
8 Theodore
42%
5 Theodore
42%
3 Theodore
42%
4 Archie
32%
4 Archie
32%
9 Mason
32%
8 Muhammad
26%
6 Muhammad
26%
8 Hudson
21%
5 Hudson
21%
7 Hudson
21%
4 Levi
21%
9 Levi
21%
5 Levi
21%
6 Levi
21%
10 Levi
21%
9 Levi
21%
9 Levi
21%
10 Malakai
0%
No matching quizzes found
Score Distribution
Percent of People with Each Score
Percentile by Number Answered
Your Score History
You have not taken this quiz